El castillo

Saved in:
Bibliografiske detaljer
Hovedforfatter: Kafka, Franz (Author)
Format: Bog
Sprog:spansk
Udgivet: Buenos Aires EMECE 1949
Serier:Grandes Novelistas. La novela actual en el mundo
Fag:
Tags: Tilføj Tag
Ingen Tags, Vær først til at tagge denne postø!

MARC

LEADER 00000nam a2200000 a 4500
001 UCZ5784
003 CL-VaPUC
008 951124e19490000AG |||||||||||||||||spa|d
082 0 4 |a 891.8603  |b KAF  |2 21 
100 |a Kafka, Franz   |e author  |9 266293 
245 1 3 |a El castillo 
300 |a 357 p 
942 |c BK 
945 |d 19951124 00:00:00  |a lriquelm 
260 |a Buenos Aires  |b EMECE  |c 1949 
650 0 |a  Novelas checoslovacas  |9 265635 
650 0 |a Literatura checoslovaca  |9 349966 
583 |a last modification  |c 19951124 00:00:00  |k Rodrigo Vera 
490 0 |a Grandes Novelistas. La novela actual en el mundo 
999 |c 242073  |d 242071 
952 |0 0  |1 0  |4 0  |6 891_860300000000000_KAF_1949  |7 0  |8 P  |9 254783  |a BIBEDU  |b BIBEDU  |c BIBEDU_PB  |d 2019-11-19  |i 1577166  |o 891.8603 KAF 1949  |p 1577166  |r 2024-01-25  |w 2019-11-19  |y BK  |k FIL